000 00308nam a2200145Ia 4500
100 _aHarry Mikel/ Schroeder/ Richard
942 _cRB
654 _asix sigma
245 _aSix Sigma
260 _bCurrency
_aNONE
_c2000
082 _a658.406
_bHAR/SCH
300 _a289
546 _aENGLISH
999 _c18955
_d18955